Udržateľný marketing bakalárska práca

Saved in:
Bibliographic Details
Main Author: Kačaljaková, Ivana
Corporate Author: Obchodná fakulta EU. Katedra marketingu
Other Authors: Okasová, Zuzana, 1988-
Format: Book
Language:Slovak
Published: Bratislava 2017
Tags: Add Tag
No Tags, Be the first to tag this record!

MARC

LEADER 00000nbm a2200000 4500
001 0232726
005 20170920131435.3
041 0 |a slo 
044 |a SK 
245 1 0 |a Udržateľný marketing  |b bakalárska práca  |c Ivana Kačaljaková ; školiteľ: Zuzana Okasová 
264 1 |a Bratislava  |c 2017 
300 |a 44 s. 
100 1 |a Kačaljaková, Ivana 
700 1 |a Okasová, Zuzana, 1988- 
710 2 |a Obchodná fakulta EU. Katedra marketingu